Star trek oder Star wars - Statistiken

Allgemein
  • Dieses Quiz wurde 183 mal gespielt
  • Das Durchschnittsergebnis liegt bei 11 aus 12
Antwortstatistiken
Frage Antwort % Korrekt
Handelt von den Geschichten des Raumschiffs Enterprise Star trek
100%
Die Hauptfilme bilden die Skywalker Saga Star wars
100%
Die Figuren Spock, Kirk, Riker und Picard spielen eine zentrale Rolle Star trek
99%
Die Vulkanier sind eine der bekanntesten Alienrassen aus diesem Universum Star trek
98%
Das Biemen ist möglich Star trek
98%
Es gibt Waffen die in der Lage sind ganze Planeten zu zerstören Star wars
98%
Nabu ,Hoth und Tatoin sind wichtige Planten des Franchises Star wars
98%
Spielt in der Milchstraße Star trek
96%
Lebe lang und in Wohlstand ist ein bekannter Spruch aus diesem Franchise Star trek
94%
Das Franchise zeichnet eine positive Zukunft für die Menschheit Star trek
92%
Das Reisen auf sogenannten Hyperaumruthen ist möglich Star wars
80%
Es gibt insgesamt 12 Filme im Universum Star wars
67%
Keine übereinstimmenden Quizze gefunden
Verteilung der Resultate
Anzahl Personen mit jedem Resultat
Perzentil nach korrekt beantworteten Fragen
Ihre Resultats-Entwicklung
Sie haben dieses Quiz noch nicht gespielt